[Event "Sachsen-Anhalt-ch Seniors 18th"]
[Site "Osterburg"]
[Date "2010.06.10"]
[Round "6"]
[White "Rost, Wolfgang"]
[Black "Tallowitz, Helmut"]
[Result "1-0"]
[WhiteElo "1841"]
[BlackElo "1530"]
[PlyCount "51"]
[EventDate "2010.06.06"]
[EventType "swiss"]
[EventRounds "7"]
[EventCountry "GER"]
[SourceTitle "EXT 2013"]
[Source "ChessBase"]
[SourceDate "2012.11.22"]
[SourceVersion "1"]
[SourceVersionDate "2012.11.22"]
[SourceQuality "1"]

1. d4 d5 2. e4 dxe4 3. Nc3 c5 4. d5 a6 5. f3 e3 6. Bxe3 Nf6 7. a4 b6 8. Bc4 Qc7 9. Nge2 Qe5 10. Qd3 Bb7 11. Bf4 Qh5 12. Bxb8 Rxb8 13. 0-0-0 g6 14. Bxa6 Ba8 15. Bb5+ Nd7 16. Ng3 Qe5 17. Rhe1 Qg5+ 18. Kb1 Kd8 19. Nce4 Qh4 20. Bc6 f5 21. Qa6 fxe4 22. Bxa8 exf3 23. gxf3 Qxh2 24. Ne4 Qh3 25. Ng5 Ke8 26. Nxh3 1-0

[Event "Sachsen-Anhalt-ch Seniors 18th"]
[Site "Osterburg"]
[Date "2010.06.07"]
[Round "2"]
[White "Gismann, Juergen"]
[Black "Tallowitz, Helmut"]
[Result "1/2-1/2"]
[WhiteElo "1848"]
[BlackElo "1530"]
[PlyCount "81"]
[EventDate "2010.06.06"]
[EventType "swiss"]
[EventRounds "7"]
[EventCountry "GER"]
[SourceTitle "EXT 2013"]
[Source "ChessBase"]
[SourceDate "2012.11.22"]
[SourceVersion "1"]
[SourceVersionDate "2012.11.22"]
[SourceQuality "1"]

1. e4 c5 2. c3 d5 3. exd5 Qxd5 4. d4 cxd4 5. cxd4 e6 6. Nf3 Nf6 7. Nc3 Qd8 8. Bb5+ Bd7 9. Bxd7+ Nbxd7 10. Qb3 Qb6 11. Qa4 Qc6 12. Qd1 Bb4 13. Bd2 0-0 14. 0-0 a6 15. Rc1 Bxc3 16. Bxc3 Qd5 17. a3 Rac8 18. Qe2 Rfe8 19. Rfd1 Nb6 20. Bb4 h6 21. Rc5 Qe4 22. Qf1 Nfd5 23. Ba5 Na4 24. Rxc8 Rxc8 25. Rc1 Rc2 26. b3 Nac3 27. Bxc3 Rxc3 28. Rxc3 Nxc3 29. Qa1 Qc2 30. b4 Ne2+ 31. Kf1 Nc3 32. Ne1 Qe2+ 33. Kg1 Qe4 34. Nf3 Ne2+ 35. Kf1 Qc2 36. h3 Nc3 37. Kg1 Ne4 38. Qe1 Nc3 39. Qa1 Qb3 40. Nd2 Qc2 41. Nf3 1/2-1/2

[Event "Sachsen-Anhalt-ch Seniors 13th "]
[Site "Osterburg"]
[Date "2005.06.15"]
[Round "6"]
[White "Modes, Werner"]
[Black "Tallowitz, Helmut"]
[Result "1-0"]
[WhiteElo "1613"]
[BlackElo "1623"]
[PlyCount "59"]
[EventDate "2005.06.10"]
[EventType "swiss"]
[EventRounds "7"]
[EventCountry "GER"]
[SourceTitle "EXT 2007"]
[Source "ChessBase"]
[SourceDate "2006.11.23"]
[SourceVersion "1"]
[SourceVersionDate "2006.11.23"]
[SourceQuality "1"]

1. d4 d5 2. Nf3 e6 3. Bf4 Nf6 4. e3 Nc6 5. c3 Bd6 6. Bd3 0-0 7. Ne5 Bxe5 8. dxe5 Ne4 9. Bxe4 dxe4 10. Nd2 Qd3 11. Qb1 Qb5 12. a4 Qd3 13. Nxe4 Qd8 14. Ng5 g6 15. Ne4 Kg7 16. Bg5 Qd5 17. Bf6+ Kg8 18. f4 Qc4 19. b3 Qa6 20. Qc2 Nb8 21. Rd1 Nd7 22. Qf2 Nxf6 23. Nxf6+ Kg7 24. Qh4 h6 25. Ng4 h5 26. Qf6+ Kh7 27. Rd8 Bd7 28. Rxa8 Rxa8 29. Qxf7+ Kh8 30. Nf6 1-0